Quizzes
Events
Quiz Creation
Community
Videos
Private Events
Remove Ads
Sign In
Join for FREE
Feedback
Dark Mode
Quiz Categories
Sports
Geography
Music
Movies
Television
Just For Fun
Miscellaneous
History
Literature
Language
Science
Gaming
Entertainment
Religion
Holiday
For Kids
Quiz Lab
Recent
Popular Today
Quiz Kudos Today
Editor Picks
Curator Picks
Quizzes by...
Day
Popularity
Type
Ratings
Length
Year
Community
Subscriptions
Recent Discussions
Orange Saloon
Badges
Playlists
Quests
Create
Leaderboards
Showdown
Live 5
Trivia Bingo
Activity
Puzzle Library
Sporcle Events
Private Events
Virtual Trivia
Globe League
Become a Host
Pub Owners
SporcleCon
Opinionation
Our Games
Videos
Blog
Mobile Apps
Partnerships
Remove Ads and Go Orange
Feedback
Sports
Athletes
MLB
NBA
NHL
NFL
Soccer
Sports Teams
WWE
NCAA
Football
Premier League
Basketball
Baseball
Hockey
Golf
Tennis
Cricket
Rugby
Auto Racing
Olympics
World Cup
Sports
Athletes
MLB
NBA
NHL
NFL
Soccer
Sports Teams
WWE
NCAA
Football
Premier League
Basketball
Baseball
Hockey
Golf
Tennis
Cricket
Rugby
Auto Racing
Olympics
World Cup
Random Quiz
Search Sporcle
×
Quiz Lab
Quiz Lab
Sports
NHL
Type in answers that appear in a list
Type in answers that appear in a list
Classic
Best Score? Go Orange.
NHL Points Leaders for February 2017 Stats
Can you name the NHL Points Leaders for February 2017?
By
cghockey10
20m
138 Questions
119 Plays
119 Plays
119 Plays
Comments
Comments
Give Quiz Kudos
Give Quiz Kudos
-
- Ratings
hide this ad
Replay
Link that replays current quiz
Next Quiz
Link to next quiz in quiz playlist
You Got
0%
They Got
Avg Score
67%
Avg Friend Score
Upgrade to see
Score Distribution
Jump to the score distribution portion of the page
Score
0/138
Timer
20:00
0
Plays Today
Team
Player
% Correct
CHI
Patrick Kane
99.2%
BUF
Evander Kane
99.2%
DAL
Jamie Benn
98.3%
CHI
Jonathan Toews
97.5%
TOR
Auston Matthews
96.6%
BUF
Jack Eichel
95.8%
WSH
Nicklas Backstrom
95%
TBL
Nikita Kucherov
95%
OTT
Erik Karlsson
95%
NSH
Filip Forsberg
94.1%
BOS
Brad Marchand
94.1%
WSH
Alex Ovechkin
94.1%
DAL
Tyler Seguin
92.4%
NYI
John Tavares
92.4%
NSH
Roman Josi
91.6%
MTL
Max Pacioretty
91.6%
WPG
Patrik Laine
91.6%
BOS
Patrice Bergeron
91.6%
EDM
Connor McDavid
89.9%
NSH
P.K. Subban
89.1%
SJS
Brent Burns
88.2%
CGY
Johnny Gaudreau
88.2%
PIT
Sidney Crosby
88.2%
TOR
William Nylander
85.7%
LAK
Jeff Carter
85.7%
NJD
Taylor Hall
85.7%
CHI
Artemi Panarin
84.9%
OTT
Mark Stone
84%
TOR
Mitchell Marner
84%
ARI
Oliver Ekman-Larsson
84%
DET
Henrik Zetterberg
83.2%
NSH
Ryan Johansen
83.2%
BOS
David Pastrnak
82.4%
WSH
T.J. Oshie
82.4%
TOR
Nazem Kadri
82.4%
PIT
Evgeni Malkin
82.4%
MIN
Mikael Granlund
81.5%
CAR
Jordan Staal
81.5%
SJS
Joe Thornton
80.7%
FLA
Aleksander Barkov
79.8%
CHI
Duncan Keith
79.8%
SJS
Joe Pavelski
79.8%
CBJ
Cam Atkinson
79%
COL
Matt Duchene
78.2%
WPG
Mark Scheifele
77.3%
MIN
Mikko Koivu
77.3%
Team
Player
% Correct
ARI
Max Domi
77.3%
WSH
Evgeny Kuznetsov
77.3%
CGY
Sean Monahan
77.3%
SJS
Patrick Marleau
77.3%
NSH
James Neal
76.5%
COL
Gabriel Landeskog
74.8%
TBL
Tyler Johnson
74.8%
PIT
Phil Kessel
73.9%
VAN
Daniel Sedin
73.9%
COL
Nathan MacKinnon
73.9%
NJD
Kyle Palmieri
73.1%
ARI, MIN
Martin Hanzal
73.1%
NSH
Viktor Arvidsson
72.3%
PIT
Kris Letang
72.3%
OTT
Kyle Turris
72.3%
TBL
Victor Hedman
72.3%
BOS
David Krejci
72.3%
TOR
James VanRiemsdyk
71.4%
FLA
Reilly Smith
70.6%
LAK
Tanner Pearson
69.7%
BOS
Torey Krug
69.7%
NJD
Adam Henrique
69.7%
BUF
Ryan O'Reilly
68.9%
NYI
Anders Lee
68.1%
MIN
Jason Pominville
68.1%
TOR
Tyler Bozak
68.1%
LAK
Dustin Brown
68.1%
NYI
Andrew Ladd
67.2%
CHI
Marian Hossa
67.2%
FLA
Jonathan Huberdeau
66.4%
CHI
Artem Anisimov
66.4%
BUF
Kyle Okposo
65.5%
NYI
Brock Nelson
64.7%
STL, WSH
Kevin Shattenkirk
64.7%
STL
Vladimir Tarasenko
64.7%
ARI
Radim Vrbata
63.9%
CBJ
Brandon Dubinsky
63.9%
NYR
Chris Kreider
63%
ANA
Ryan Getzlaf
62.2%
CBJ
Seth Jones
62.2%
FLA
Vincent Trocheck
61.3%
TBL
Jonathan Drouin
61.3%
CGY
Dougie Hamilton
61.3%
NYR
J.T. Miller
60.5%
MIN
Nino Niederreiter
60.5%
EDM
Leon Draisaitl
60.5%
Team
Player
% Correct
NJD
Travis Zajac
59.7%
CBJ
Alexander Wennberg
59.7%
STL
Alexander Steen
58.8%
WSH
Jason Williams
58.8%
CGY
Mikael Backlund
58%
NYI
Ryan Strome
58%
TOR
Jake Gardiner
58%
WSH
Marcus Johansson
57.1%
FLA
Keith Yandle
57.1%
CHI
Richard Panik
56.3%
BUF
Rasmus Ristolainen
55.5%
OTT
Derick Brassard
55.5%
WPG
Dustin Byfuglien
54.6%
VAN
Bo Horvat
52.9%
CGY
Matthew Tkachuk
52.1%
CGY
T.J. Brodie
52.1%
DET
Thomas Vanek
52.1%
MIN
Jared Spurgeon
51.3%
DAL
John Klingberg
51.3%
NYI
Josh Bailey
50.4%
BOS
David Backes
50.4%
FLA
Jussi Jokinen
49.6%
BUF
Sam Reinhart
49.6%
NYR
Kevin Hayes
49.6%
MTL
Alexander Radulov
48.7%
COL
Mikko Rantanen
47.1%
MIN
Jason Zucker
47.1%
NSH
Ryan Ellis
44.5%
CBJ
Boone Jenner
44.5%
BOS
Ryan Spooner
43.7%
STL
Patrik Berglund
42%
ARI, MIN
Ryan White
42%
WPG
Mathieu Perreault
40.3%
TOR
Leo Komarov
40.3%
NYR
Brady Skjei
39.5%
ARI
Alex Goligoski
38.7%
ARI
Christian Dvorak
38.7%
CHI
Nick Schmaltz
37.8%
PIT
Jake Guentzel
37%
EDM
Oscar Klefbom
36.1%
DET
Anthony Mantha
35.3%
TBL
Brayden Point
31.1%
WSH
Brett Connolly
23.5%
NSH
Calle Jarnkrok
23.5%
TOR
Josh Leivo
22.7%
BOS
Frank Vatrano
20.2%
Quiz Playlist
Details
Report
Send in Message
Add To Playlist
Classic:
Type in answers that appear in a list
Last Updated: Mar 1, 2017
Quiz Scoreboard
CHALLENGE
Sign Up to Join the Scoreboard
Show All
Scores
Hide
Comments
May contain spoilers
Recently Published
Popular People in 1961
by mucciniale
History
6m
1-10 Letter E Words III
by El_Dandy
Language
2m
One Thing in Common: World Cities II
by knightlancer
Geography
7m
More to Explore
Quiz From the Vault
Featured Blog Post
Where Did the Easter Bunny Come From?
hide this ad
You Might Also Like...
Tags
NHL Quiz
NHL Player
NHL Points
Today's Top Quizzes in Sports
Browse Sports
hide this ad
Today's Top Quizzes in NHL
Browse NHL
Top Contributed Quizzes in Sports
1
Les meilleurs buteurs des matchs entre le PSG et l’OM
2
Les entraîneurs de l'OM et du PSG au 21e siècle
3
2022 World Cup Stars
4
FIFA Club World Cup Champions
5
Name the Premier League winners with different clubs
6
La finale Lions - Afrique du Sud 2021
7
Criteria MLB: Left Handed Sluggers
8
Players with Multiple 50 Home Run Seasons
9
MLB Players with Two .350 Batting Average Seasons
10
MLB Hall of Famer by Rings
Explore More
Trending Topics
NBA
Crossword
Marvel
Disney
Kpop
Anime
Harry Potter
WWE
Song
NFL
Soccer
Country
Puzzle
Pokémon
The Office
hide this ad
More By:
cghockey10
Quiz
Plays
Rating
Category
Featured
Created
NHL 2019-2020 Highest Cap Hits Per Team
7,373
4.00
Sports
Sep 13, 2019
NHL 2019-2020 Regular Season Stat Leaders
5,003
5.00
Sports
Jun 4, 2020
NHL 2022-2023 Highest Cap Hits Per Team
4,103
4.88
Sports
Aug 5, 2022
NHL 2017-2018 Stats Leaders
3,100
5.00
Sports
Apr 12, 2018
NHL 2020-2021 Highest Cap Hits Per Team
2,568
4.43
Sports
Oct 14, 2020
Go to Creator's Profile
Score Distribution
Quiz Creator Spotlight
cghockey10
Follow
Send a Message
Quizzes Created
-
Created Quiz Play Count
-
More By This Creator
Popular Quizzes Today
1
Find the US States - No Outlines Minefield
2
The Countries of the World
3
Find the Countries of Europe - No Outlines Minefield
4
Popular People in 1961
5
1-10 Letter E Words III
6
Find the US States
7
One Thing in Common: World Cities II
8
US States
More Sports Quizzes
Click the MLS Logos
Curator's Pick
Trending Quizzes
Risky Map Clicking: Least Populous States A-Z
1-10 Letter F Words
1-10 Letter G Words
One Thing in Common: United Kingdom
Risky Map Clicking: Next State Alphabetically
Recently Updated
Leaping Animals
pecheneg
Reality TV Shows (A-Z)
bhenderson79
Rickey Henderson's Hall of Fame Teammates
pecheneg
Champions League XIs: Arsenal
pecheneg
Quick Pick: Celebrities in WWE's Hall of Fame
aduchscher
A-Z Keypad Blitz II
pecheneg
Multiple Oscar Actors
pecheneg
Mystery Phrase Blitz: Oscar 'Best Actors'
pecheneg
F. Scott Fitzgerald Novels
LTH
Pick 3 Villains
ddd62291
Trending Topics
Crossword
Marvel
Harry Potter
Disney
NBA
Kpop
Anime
Pokémon
NFL
Song
The Office
Soccer
Country
Puzzle
WWE
Your Account Isn't Verified!
In order to create a playlist on Sporcle, you need to verify the email address you used during registration. Go to your
Sporcle Settings
to finish the process.
Report this User
Report this user for behavior that violates our
Community Guidelines
.
Details:
Send Report
Go to the Sporcle.com Mobile Site →
Comments